00561nam a2200205 a 4500001001300000003000900013005001700022008004100039020002300080082001600103100002600119245003800145260004500183300000900228500003500237505001000272650001700282650003000299700002600329nice12345678IN_TiNIC20260116013328.0050524s1997 dela grp 000 0 eng  a8185574 c30000a121.68bKOZ aKozhamthadam, S J Job aInterrelations and Interpretation aDelhibIntercultural Publications c1997 a305p aincludes index and biblioraphy2 aIndex aEpistemology aKnowledge-Theory of Islam1 aKozhamthadam, S J Job